Introduction to epidemiology : (Record no. 1536)
[ view plain ]
| 000 -LEADER | |
|---|---|
| fixed length control field | 02254cam a22004337a 4500 |
| 001 - CONTROL NUMBER | |
| control field | data |
| 005 - DATE AND TIME OF LATEST TRANSACTION | |
| control field | 20260322212105.0 |
| 008 - FIXED-LENGTH DATA ELEMENTS--GENERAL INFORMATION | |
| fixed length control field | data |
| 035 ## - SYSTEM CONTROL NUMBER | |
| System control number | 17324797 |
| 010 ## - LIBRARY OF CONGRESS CONTROL NUMBER | |
| LC control number | 2012940912 |
| 020 ## - INTERNATIONAL STANDARD BOOK NUMBER | |
| International Standard Book Number | 9781111540302 |
| Qualifying information | pbk |
| 020 ## - INTERNATIONAL STANDARD BOOK NUMBER | |
| International Standard Book Number | 1111540306 |
| Qualifying information | pbk |
| 035 ## - SYSTEM CONTROL NUMBER | |
| System control number | (OCoLC)815506264 |
| 040 ## - CATALOGING SOURCE | |
| Original cataloging agency | AU@ |
| Language of cataloging | eng |
| Transcribing agency | AU@ |
| Modifying agency | DLC |
| -- | CUX |
| -- | YDXCP |
| -- | YOU |
| -- | DLC |
| 042 ## - AUTHENTICATION CODE | |
| Authentication code | lccopycat |
| 050 00 - LIBRARY OF CONGRESS CALL NUMBER | |
| Classification number | RA651 |
| Item number | .M19 2013 |
| 082 04 - DEWEY DECIMAL CLASSIFICATION NUMBER | |
| Classification number | 614.4 |
| Edition information | 23 |
| 100 1# - MAIN ENTRY--PERSONAL NAME | |
| Personal name | Macera, Caroline A. |
| 245 10 - TITLE STATEMENT | |
| Title | Introduction to epidemiology : |
| Remainder of title | distribution and determinants of disease in humans / |
| Statement of responsibility, etc. | Caroline A. Macera, Richard A. Shaffer, Peggy M. Shaffer. |
| 260 ## - PUBLICATION, DISTRIBUTION, ETC. | |
| Place of publication, distribution, etc. | Clifton Park, N.Y. : |
| Name of publisher, distributor, etc. | Cengage Learning, Inc, |
| Date of publication, distribution, etc. | 2012. |
| 300 ## - PHYSICAL DESCRIPTION | |
| Extent | xxiii, 471 p. : |
| Other physical details | ill., maps ; |
| Dimensions | 28 cm. |
| 336 ## - CONTENT TYPE | |
| Content type term | text |
| Content type code | txt |
| Source | rdacontent |
| 337 ## - MEDIA TYPE | |
| Media type term | unmediated |
| Media type code | n |
| Source | rdamedia |
| 338 ## - CARRIER TYPE | |
| Carrier type term | volume |
| Carrier type code | nc |
| Source | rdacarrier |
| 490 1# - SERIES STATEMENT | |
| Series statement | Public health basics. |
| 500 ## - GENERAL NOTE | |
| General note | "Delmar Health Care"--Cover. |
| 504 ## - BIBLIOGRAPHY, ETC. NOTE | |
| Bibliography, etc. note | Includes bibliographical references and index. |
| 520 ## - SUMMARY, ETC. | |
| Summary, etc. | "Introduction to Epidemiology: Distribution and Determination in Humans, the first offering in the Public Health Basics series, is an ideal introductory text designed for the student with little or no experience in epidemiology. Effective chapter organization allows you to first understand the basic concepts in epidemology such as its history and integration into public health, disease occurrence, data sources, accuracy, and study design. The second collection of chapters seamlessly guides you through the distribution and determinants of disease in humans--including cancer, diabetes, infectious diseases-- and the diseases of developing countries. This promises to be your go-to resource in navigating the complex data behind the spread of disease and its future prevention."--P. 4 of cover. |
| 650 #0 - SUBJECT ADDED ENTRY--TOPICAL TERM | |
| Topical term or geographic name entry element | Epidemiology. |
| 650 12 - SUBJECT ADDED ENTRY--TOPICAL TERM | |
| Topical term or geographic name entry element | Epidemiology. |
| 700 1# - ADDED ENTRY--PERSONAL NAME | |
| Personal name | Shaffer, Richard A. |
| 700 1# - ADDED ENTRY--PERSONAL NAME | |
| Personal name | Shaffer, Peggy M. |
| 830 #0 - SERIES ADDED ENTRY--UNIFORM TITLE | |
| Uniform title | Public health basics. |
| 906 ## - LOCAL DATA ELEMENT F, LDF (RLIN) | |
| a | 7 |
| b | cbc |
| c | copycat |
| d | 2 |
| e | ncip |
| f | 20 |
| g | y-gencatlg |
| 925 0# - | |
| -- | acquire |
| -- | 2 shelf copies |
| -- | policy default |
| Withdrawn status | Lost status | Damaged status | Not for loan | Home library | Current library | Shelving location | Date acquired | Total checkouts | Full call number | Barcode | Date last seen | Price effective from | Koha item type |
|---|---|---|---|---|---|---|---|---|---|---|---|---|---|
| Riverside | Riverside | General stacks | 22/03/2026 | 614.4 | LOC-RPL-00083 | 22/03/2026 | 22/03/2026 | Books |